<?xml version="1.0" encoding="UTF-8"?>
<marc:record xmlns:marc="http://www.loc.gov/MARC21/slim">
   <marc:leader>00000nam a2200000 a 4500</marc:leader>
   <marc:datafield ind1="1" ind2=" " tag="100">
      <marc:subfield code="a">Votýpka, Vladimír</marc:subfield>
      <marc:subfield code="4">aut</marc:subfield>
      <marc:subfield code="e">Verfasser/-in</marc:subfield>
   </marc:datafield>
   <marc:datafield ind1="1" ind2=" " tag="100">
      <marc:subfield code="a">Votýpka, Vladimír</marc:subfield>
   </marc:datafield>
   <marc:datafield ind1=" " ind2=" " tag="653">
      <marc:subfield code="a">Geschichte 1918-2008</marc:subfield>
   </marc:datafield>
   <marc:datafield ind1=" " ind2=" " tag="653">
      <marc:subfield code="a">Adel</marc:subfield>
   </marc:datafield>
   <marc:datafield ind1=" " ind2=" " tag="653">
      <marc:subfield code="a">Softcover / Geschichte/Regionalgeschichte</marc:subfield>
   </marc:datafield>
   <marc:datafield ind1=" " ind2=" " tag="653">
      <marc:subfield code="a">Ländergeschichte</marc:subfield>
   </marc:datafield>
   <marc:datafield ind1=" " ind2=" " tag="653">
      <marc:subfield code="a">Biografie</marc:subfield>
   </marc:datafield>
   <marc:datafield ind1=" " ind2=" " tag="653">
      <marc:subfield code="a">Biographie</marc:subfield>
   </marc:datafield>
   <marc:datafield ind1="0" ind2="0" tag="245">
      <marc:subfield code="a">Rückkehr des böhmischen Adels</marc:subfield>
   </marc:datafield>
   <marc:datafield ind1="0" ind2="0" tag="245">
      <marc:subfield code="c">Vladimír Votýpka. Aus dem Tschech. von Walter und Simin Reichel</marc:subfield>
   </marc:datafield>
   <marc:datafield ind1=" " ind2="1" tag="264">
      <marc:subfield code="a">Wien</marc:subfield>
      <marc:subfield code="b">Böhlau</marc:subfield>
      <marc:subfield code="c">2010</marc:subfield>
   </marc:datafield>
   <marc:datafield ind1="1" ind2=" " tag="520">
      <marc:subfield code="a">Angaben aus der Verlagsmeldung

Rückkehr des böhmischen Adels : Aus dem Tschechischen von Walter und Simin Reichel / von Vladimir Votypka

Vor mehr als 30 Jahren begann der tschechische Journalist Vladimír Votýpka , die Schicksalswege böhmischer Adelsfamilien in der zweiten Hälfte des 20. Jahrhunderts aufzuzeichnen. Der böhmische Adel war immer eng mit der Geschichte Europas verbunden. Zur Zeit der Habsburgermonarchie übte er in der Funktion von Ministerpräsidenten, Außenministern, hohen Beamten und Militärs einen erheblichen Einfluss auf das politische Geschehen aus. Was aber wurde nach dem Ende der Monarchie aus diesen Familien? Wie haben sie – Jahre später – auf die kommunistische Machtergreifung in der Tschechoslowakei reagiert? Viele von ihnen gingen ins Exil und fanden so eine neue Heimat. Nach der politischen Wende des Jahres 1989 kehrten sie überwiegend in ihre alte Heimat zurück, wo sie sich des Jahrhunderte alten Familienbesitzes annahmen. Das Buch ermöglicht einen tiefen Einblick in oftmals abenteuerliche Lebensschicksale und den Neuanfang der zweiten und dritten Generation adeliger Nachkommen.
2007 erschien der Band "Böhmischer Adel. Familiengeschichten", der die Lebensschicksale während des Kommunismus dokumentierte. Im neuen Band steht die Zeit nach der Wende und des Wiederaufbaues im Zentrum.
</marc:subfield>
   </marc:datafield>
   <marc:datafield ind1=" " ind2=" " tag="020">
      <marc:subfield code="a">9783205782902</marc:subfield>
      <marc:subfield code="9">9783205782902</marc:subfield>
   </marc:datafield>
   <marc:datafield ind1=" " ind2=" " tag="041">
      <marc:subfield code="a">ger</marc:subfield>
   </marc:datafield>
   <marc:datafield ind1=" " ind2=" " tag="300">
      <marc:subfield code="a">411 S.</marc:subfield>
   </marc:datafield>
</marc:record>
